书目信息 |
| 题名: |
《溪山琴况》之中国音乐美学
|
|
| 作者: | 陈菊芬 , 宋唐 著 | |
| 分册: | ||
| 出版信息: | 广州 花城出版社 2023 |
|
| 页数: | 335页 | |
| 开本: | 21cm | |
| 丛书名: | 中国经典艺术美学 | |
| 单 册: | ||
| 中图分类: | J601 | |
| 科图分类: | ||
| 主题词: | 音乐美学--研究--中国 | |
| 电子资源: | ||
| ISBN: | 978-7-5360-9946-3 | |
| 000 | 00946nam0 2200289 450 | |
| 001 | 012587479 | |
| 005 | 20240904033837.8 | |
| 010 | @a978-7-5360-9946-3@dCNY78.00 | |
| 100 | @a20231018d2023 em y0chiy0120 ea | |
| 101 | 0 | @achi |
| 102 | @aCN@b440000 | |
| 105 | @aa z 000yy | |
| 106 | @ar | |
| 200 | 1 | @a《溪山琴况》之中国音乐美学@9《xi shan qin kuang 》zhi zhong guo yin yue mei xue@f陈菊芬,宋唐著 |
| 210 | @a广州@c花城出版社@d2023 | |
| 215 | @a335页@c图,照片@d21cm | |
| 225 | @a中国经典艺术美学 | |
| 300 | @a中国经典艺术美学 | |
| 300 | @a广东省文化繁荣发展专项资金扶持项目 | |
| 330 | @a本书以中国古代古琴巨作《溪山琴况》为范本,分别从精神、自然、形象、格调、音色等角度研究探讨中国音乐里的美学。 | |
| 586 | @a | |
| 606 | 0 | @a音乐美学@x研究@y中国 |
| 690 | @aJ601@v5 | |
| 701 | 0 | @a陈菊芬@9chen ju fen@f(1971-)@4著 |
| 701 | 0 | @a宋唐@9song tang@f(1982-)@4著 |
| 801 | 0 | @aCN@c20240904 |
| 905 | @dJ601@eC471@f1@sJ601/C471@S@Z | |
| 《溪山琴况》之中国音乐美学/陈菊芬,宋唐著.-广州:花城出版社,2023 |
| 335页:图,照片;21cm.-(中国经典艺术美学) |
| 中国经典艺术美学.-广东省文化繁荣发展专项资金扶持项目 |
| ISBN 978-7-5360-9946-3:CNY78.00 |
| 本书以中国古代古琴巨作《溪山琴况》为范本,分别从精神、自然、形象、格调、音色等角度研究探讨中国音乐里的美学。 |
| ● |
| 相关链接 |
|
|
|
正题名:《溪山琴况》之中国音乐美学
索取号:J601/C471
 
预约/预借
| 序号 | 登录号 | 条形码 | 馆藏地/架位号 | 状态 | 备注 |
| 1 | 21613266 | 216132664 | 社科库309/309社科库 91排1列1层/ [索取号:J601/C471] | 在馆 |